LIBRARY & INFORMATION CENTRE, KCAET, TAVANUR

ONLINE PUBLIC ACCESS CATALOGUE (OPAC)

Bios Instant Notes:Plant Biology (Record no. 14728)

MARC details
000 -LEADER
fixed length control field 00341nam a22001457a 4500
020 ## - INTERNATIONAL STANDARD BOOK NUMBER
ISBN 9780415356435
082 ## - DEWEY DECIMAL CLASSIFICATION NUMBER
Classification number 581.1
Item number LAC/PL
100 ## - MAIN ENTRY--AUTHOR NAME
Personal name Lack,Andrew
100 ## - MAIN ENTRY--AUTHOR NAME
Personal name Evans,David
245 ## - TITLE STATEMENT
Title Bios Instant Notes:Plant Biology
250 ## - EDITION STATEMENT
Edition statement 2 nd
260 ## - PUBLICATION, DISTRIBUTION, ETC. (IMPRINT)
Place of publication New York
Name of publisher Garland Science
Year of publication 2015
300 ## - PHYSICAL DESCRIPTION
Number of Pages 351
942 ## - ADDED ENTRY ELEMENTS (KOHA)
Koha item type Book Bank scheme for SC students
Holdings
Withdrawn status Lost status Damaged status Collection code Home library Current library Shelving location Date acquired Source of acquisition Cost, normal purchase price Full call number Accession Number Koha item type
        KAUAET KAUAET Scheme 25/08/2016 Dream Tech Publishers & Book Sellers, Trivandrum. 450.00 581.1 LAC/PL BB 341 Book Bank scheme for SC students
free website counter